00321nam a2200121 a 4500008004100000050001300041100001800054245005000072250001200122260003900134300001700173350000900190120416s1974 ||||||||||||||||| || u aTH 9 Sco aScott, John S14aThe Penguin dictionary of building. (2nd ed.) a2nd ed. aHarmondsworth, Eng.bPenguinc1974 a392p. : ill. a0.00